[Event "SVK-chT1E 0910"]
[Site "Slovakia"]
[Date "2010.02.14"]
[Round "9.2"]
[White "Bartek, Ladislav"]
[Black "Cech, Dominik"]
[Result "0-1"]
[WhiteElo "2029"]
[BlackElo "2095"]
[PlyCount "146"]
[EventDate "2009.10.17"]
[EventType "team"]
[EventRounds "11"]
[EventCountry "SVK"]
[SourceTitle "EXT 2011"]
[Source "ChessBase"]
[SourceDate "2010.11.26"]
[SourceVersion "1"]
[SourceVersionDate "2010.11.26"]
[SourceQuality "1"]
[WhiteTeam "Liptov Chess School"]
[BlackTeam "Michalovce Zemplin"]
[WhiteTeamCountry "SVK"]
[BlackTeamCountry "SVK"]

1. e4 c5 2. Nf3 e6 3. d4 cxd4 4. Nxd4 Nc6 5. Nc3 Qc7 6. Be3 a6 7. Bd3 Nf6 8. 0-0 b5 9. Nxc6 dxc6 10. a4 Bb7 11. f4 b4 12. Nb1 c5 13. Nd2 c4 14. Nxc4 Nxe4 15. Kh1 Be7 16. Bd4 0-0 17. f5 exf5 18. Rxf5 f6 19. Na5 Nd6 20. Rc5 Qd7 21. Nxb7 Nxb7 22. Rh5 h6 23. Be3 Nd6 24. Bxh6 gxh6 25. Rxh6 Bd8 26. Bc4+ Kg7 27. Qh5 Qf5 28. Qxf5 Nxf5 29. Rh5 Nd6 30. Bd3 Rh8 31. Rd5 Bc7 32. a5 Nf7 33. h3 Be5 34. Rb1 Rhd8 35. Rxd8 Nxd8 36. Be4 Ra7 37. Rd1 Nf7 38. b3 Nd6 39. Bd3 Ra8 40. g4 Kh6 41. Kg2 Kg5 42. Kf3 Kh6 43. h4 Nf7 44. Be4 Rd8 45. Rxd8 Nxd8 46. Bd3 Nc6 47. Bxa6 Nxa5 48. Ke4 Nc6 49. Kd5 Ne7+ 50. Kc4 Bc3 51. Bb7 Ng6 52. g5+ fxg5 53. hxg5+ Kxg5 54. Kd3 Kf4 55. Bh1 Ne5+ 56. Ke2 Ng4 57. Bb7 Ne3 58. Kd3 Nf5 59. Bc8 Nd4 60. Bd7 Kf3 61. Bc8 Kf2 62. Bg4 Nf3 63. Ke4 Ne1 64. Bd1 Bd2 65. Kd4 Kg3 66. Ke4 Bc3 67. Ke3 Ng2+ 68. Kd3 Kf2 69. Bg4 Ne1+ 70. Kc4 Nxc2 71. Kd3 Nd4 72. Kc4 Ke1 73. Bd7 Kd2 0-1